000 00711nas a2200217 4500
001 BR7601356
003 BR-BrBNA
005 20231205082934.0
007 ta
008 230509b bl.|||p| |||| 00| 00por d
040 _aBR-BrBNA
_bpor
_cBiblioteca Nacional de Agricultura
041 _a(Pt)
072 _aQ10
100 1 _aGramacho, D.D.
245 1 _aEnsaios sobre a utilizacao de materia-prima de mandioca (Manihot esculenta Crantz)na obtencao de carima e polvilho azedo
_bNota previa
650 _aMANDIOCA
650 _aPOLVILHO AZEDO
773 0 _tProjeto Mandioca. Serie Pesquisa (Brazil)
_x
_g(1975), v. 2(1) p. 137-143
_wBR7601356
909 _a202311
_bLúcia
_c55
_dLúcia Elande
942 _2AGRIS
_n0
_cANA
999 _c95237
_d95237